| Поле | Название | Значение |
| |
Тип записи |
a |
| |
Библиографический уровень |
m |
| 001 |
Контрольный номер |
RU/SLIB/B/214934280 |
| 005 |
Дата корректировки |
20201206204433.7 |
| 010 |
Индекс ISBN |
__ |
| a |
ISBN |
5-98379-042-0 |
| d |
Цена |
520-00 |
| 101 |
Язык документа |
__ |
| a |
Язык текста |
rus |
| c |
Язык оригинала |
rus |
| 200 |
Заглавие и сведения об ответственности |
__ |
| a |
Заглавие |
Демографическая модернизация России, 1900-2000 |
| f |
Первые сведения об ответственности |
[под ред. А. Г. Вишневского] |
| b |
Общее обозначение материала |
Текст |
| 210 |
Выходные данные |
__ |
| a |
Место издания |
М. |
| c |
Издательство |
Новое изд-во |
| d |
Дата издания |
2006 |
| 215 |
Физическое описание |
__ |
| a |
Объем |
608 с. |
| 225 |
Серия |
__ |
| a |
Серия |
Новая серия |
| 330 |
Аннотация |
__ |
| a |
Аннотация |
Опыт осмысления противоречивой демографической истории России 20 века. |
| 606 |
Тематические рубрики |
__ |
| a |
Основная рубрика |
Демография |
| z |
Хронологическая подрубрика |
1900-2000 гг.; 20 в. |
| y |
Географическая подрубрика |
Россия; РФ; СССР |
| 610 |
Ключевые слова |
__ |
| a |
Ключевые слова |
демографическая история; рождаемость; многодетность; семьи; брачность; планирование семьи; аборты; репродуктивное здоровье; смертность; продолжительность жизни; демографическая политика; демографические исследования |
| 686 |
Индексы других классификаций |
__ |
| a |
Классификационный индекс |
60.7(2) |
| 702 |
Вторичная интеллектуальная ответственность |
_1 |
| a |
Фамилия |
Вишневский |
| b |
Имя |
А. Г. |
| 4 |
Код отношения |
Редактор |
| 4 |
Код отношения |
340 |
| 801 |
Источник записи |
_0 |
| a |
Страна |
RU |
| b |
Организация |
Муниципальное бюджетное учреждение культуры "Централизованная библиотечная система" г. Сургут (Центральная городская библиотека им. А. С. Пушкина) |
| g |
Правила каталогизации |
КиК/Елгина |
| 801 |
Источник записи |
_1 |
| a |
Страна |
RU |
| b |
Организация |
Муниципальное бюджетное учреждение культуры "Централизованная библиотечная система" г. Сургут (Центральная городская библиотека им. А. С. Пушкина) |
| g |
Правила каталогизации |
КиК/Елгина |
| 852 |
Данные о местонахождении |
__ |
| j |
Шифр хранения |
60.7(2) |
| c |
Каталожный индекс |
60.7(2) |
| i |
Авторский знак |
Д 31 |
| 901 |
Тип документа |
__ |
| t |
Тип документа |
m |
| 903 |
Характеристики (МАРС) |
__ |
| a |
Дата передачи |
20061101 |
| 990 |
Данные о заказе (DOS) |
__ |
| j |
Количество экземпляров (DOS) |
3 |
| t |
N записи в КСУ для И/У (DOS) |
200611 |